书目信息 |
| 题名: |
当代中国美术家档案
|
|
| 作者: | 唐勇力 绘 | |
| 分册: | 唐勇力巻 | |
| 出版信息: | 北京 华艺出版社 2005.05 |
|
| 页数: | 373页 | |
| 开本: | 23cm | |
| 丛书名: | 当代中国美术家档案 | |
| 单 册: | ||
| 中图分类: | J222.7 | |
| 科图分类: | ||
| 主题词: | 中国画--中国--现代--作品集 | |
| 电子资源: | ||
| ISBN: | 7-80142-722-X | |
| 000 | 00938nam 2200265 450 | |
| 001 | 192004000960 | |
| 005 | 20070917090555.90 | |
| 010 | @a7-80142-722-X@dCNY76.00 | |
| 100 | @a20070531d2005 ekmy0chiy0121 ea | |
| 101 | 0 | @achi |
| 102 | @aCN@b110000 | |
| 105 | @aac z 000yy | |
| 200 | 1 | @a当代中国美术家档案@Adang dai zhong guo mei shu jia dang an@i唐勇力巻@f唐勇力绘 |
| 210 | @a北京@c华艺出版社@d2005.05 | |
| 215 | @a373页@c图 (部分彩图), 肖像@d23cm | |
| 225 | 2 | @a当代中国美术家档案@Adang dai zhong guo mei shu jia dang an@f郭怡孮主编 |
| 300 | @a其他题名:唐勇力巻 | |
| 330 | @a本书收录了工人人物画家唐勇力的作品,他的作品打破了工笔与意笔的传统对立模式,为现代工笔人物画开辟出一个异常自由的创作空间。 | |
| 410 | 0 | @12001 @a当代中国美术家档案 |
| 517 | 1 | @a唐勇力巻@Atang yong li quan |
| 606 | 0 | @a中国画@y中国@z现代@j作品集 |
| 690 | @aJ222.7@v4 | |
| 701 | 0 | @a唐勇力@4绘 |
| 801 | 0 | @aCN@c20070917 |
| 905 | @dJ222.7@eT273 | |
| 当代中国美术家档案.唐勇力巻/唐勇力绘.-北京:华艺出版社,2005.05 |
| 373页:图 (部分彩图), 肖像;23cm.-(当代中国美术家档案/郭怡孮主编) |
| 其他题名:唐勇力巻 |
| ISBN 7-80142-722-X:CNY76.00 |
| 本书收录了工人人物画家唐勇力的作品,他的作品打破了工笔与意笔的传统对立模式,为现代工笔人物画开辟出一个异常自由的创作空间。 |
| ● |
| 相关链接 |
|
|
|
正题名:当代中国美术家档案
索取号:J222.7/T273
 
预约/预借
| 序号 | 登录号 | 条形码 | 馆藏地/架位号 | 状态 | 备注 |
| 1 | 623021 | 206230210 | 社科库309/309社科库 75排3列3层/ [索取号:J222.7/T273] | 在馆 | |
| 2 | 623022 | 206230229 | 社科库309/309社科库 75排3列3层/ [索取号:J222.7/T273] | 在馆 | |
| 3 | 623023 | 206230238 | 社科库309/309社科库 75排3列3层/ [索取号:J222.7/T273] | 在馆 |